Tolstoi (Registro nro. 7289)
[ vista simple ]
| 000 -ENCABEZADO | |
|---|---|
| Número de control [NR] | 00631nam a2200181Ia 4500 |
| 008 - DE LONGITUD FIJA DE DATOS DE ELEMENTOS - INFORMACIÓN GENERAL | |
| Elementos de longitud fija [NR] | 130821s1928 fr gr dfre |
| 040 ## - FUENTE DE CATALOGACION [NR] | |
| Agencia de catalogación original [NR] | Co-BoUCM |
| Idioma de catalogación [NR] | spa |
| 041 ## - CODIGO DE IDIOMA [R] | |
| Código de idioma para texto/pista de sonido o título separado [R] | Francés |
| 100 ## - ASIENTO PRINCIPAL--NOMBRE PERSONAL [NR] | |
| Nombre personal [NR] | Zweig, Stefan |
| Fechas asociadas con el nombre [NR] | 1881-1942 |
| ID Autoridad | 70620 |
| 245 ## - MENCION DE TITULO [NR] | |
| Título [NR] | Tolstoi |
| Mención de responsabilidad, etc. [NR] | Stefan Zweig ; traduit de l'allemand par Alzir Hella et Olivier Bournac |
| 260 ## - PUBLICACION, DISTRIBUCION, ETC. (PIE DE IMPRENTA) [R] | |
| Lugar de publicación, distribución, etc. [R] | París (Francia) |
| Nombre del editor, distribuidor, etc. [R] | Victor Ahinger |
| Fecha de publicación, distribución, etc. [R] | 1928 |
| 300 ## - DESCRIPCION FISICA [R] | |
| Extensión [R] | 233 páginas |
| 600 ## - ASIENTO SECUNDARIO DE MATERIA - NOMBRE PERSONAL [R] | |
| Nombre personal [NR] | Tolstoi, Leon |
| Títulos y otras palabras asociadas con el nombre [R] | Conde |
| Fechas asociadas con el nombre [NR] | 1828-1910 |
| Subdivisión de forma [R] | Biografías |
| 9 (RLIN) | 70041 |
| 700 ## - ASIENTO SECUNDARIO - NOMBRE PERSONAL [R] | |
| Nombre personal [NR] | Bournac, Olivier |
| Término de relación [R] | |
| 9 (RLIN) | 155490 |
| 700 ## - ASIENTO SECUNDARIO - NOMBRE PERSONAL [R] | |
| Nombre personal [NR] | Hella, Alzir |
| Término de relación [R] | |
| 9 (RLIN) | 115976 |
| 942 ## - ELEMENTOS DE ENTRADA AGREGADOS (KOHA) | |
| Tipo de ítem principal el descrito en 300a | Libro |
| Tema principal | Biografías |
| Edición | 1 |
| Parte restante de la signatura top. | Z93 |
| Sistema de clasificación | DEWEY |
| Clasificación | 928 |
| Fecha de último préstamo | Total préstamos | Signatura topográfica | Código de barras | Última vez visto | Ejemplar | Price effective from | Tipo de ítem | Perdido | Sistema de clasificación | Dañado | No prestable | Tipo de ítem específico | Suprimido | Ubicación habitual | Ubicación actual | Localización | Fecha de creación | Forma de adquisición | Costo |
|---|---|---|---|---|---|---|---|---|---|---|---|---|---|---|---|---|---|---|---|
| 16/10/2018 | 1 | 928 Z93 | 100000714 | 09/12/2025 | Ej.1 | 03/02/2013 | Libro | DEWEY | Libro | Claustro | Claustro | 2do piso | 28/02/2003 | Donación | 200.00 |